000 00433nam a22001577a 4500
005 20180820163739.0
008 160531b xxu||||| |||| 00| 0 eng d
041 _aeng
082 _b6496
_a658.4012
100 _aLomash, Sukul & Mishra, P.K.
_91146
245 _aBusiness Policy and Strategic Management
260 _aNew Delhi
_bVikas Publishing House (P) Ltd.
_c2004
300 _a371p,
650 _aManagement
_9241
942 _cBK
999 _c2286
_d2285